Obálka Náhled e-knihy:
PDF Epub
Pro půjčování e-knih musíte být přihlášeni.
Jak si půjčit online?

Píseň o Bernadettě /

Slavný román Franze Werfela, v češtině opakovaně vydávaný, přináší nezapomenutelný příběh plný emocí, který odhaluje nejen zázraky, ale i slabosti a sílu lidské duše.

Uloženo v:
Hlavní autor: Werfel, Franz, 1890-1945 (Autor)
Další autoři: Fučíková, Jitka, 1903-1987 (Autor)
Médium: E-kniha
Jazyk:Czech
Vydáno: V Praze : Vyšehrad, 2025
Vydání:Vydání deváté, revidováno
Edice:Světová próza (Vyšehrad)
Témata:
Tagy:
Žádné tagy
LEADER 03388nam a2200697 i 4500
001 284712
003 CZ PrSKC
005 20250327062930.0
007 ta
008 250325s2025 xr g 000 fbcze
015 |a cnb003678154 
020 |a 9788026731245  |q (vázáno) 
040 |a ABG001  |b cze  |e rda 
041 1 |a cze  |h ger 
043 |a e-fr--- 
045 |a w4w7 
072 7 |a 821.112.2-3  |x Německá próza, německy psaná  |2 Konspekt 
072 7 |a 929  |x Biografie  |2 Konspekt 
080 |a 821.112.2-31  |2 MRF 
080 |a 929  |2 MRF 
080 |a 27-587.5-055.2  |2 MRF 
080 |a 27-36-055.2  |2 MRF 
080 |a 27-312.47-587.5  |2 MRF 
080 |a (44)  |2 MRF 
080 |a (0:82-312.6)  |2 MRF 
100 1 |a Werfel, Franz,  |d 1890-1945  |7 jk01151599  |4 aut 
240 1 0 |a Lied von Bernadette.  |l Česky 
245 1 0 |a Píseň o Bernadettě /  |c Franz Werfel ; přeložila Jitka Fučíková 
250 |a Vydání deváté, revidováno 
264 1 |a V Praze :  |b Vyšehrad,  |c 2025 
300 |a 435 stran ;  |c 21 cm 
336 |a text  |b txt  |2 rdacontent 
337 |a bez média  |b n  |2 rdamedia 
338 |a svazek  |b nc  |2 rdacarrier 
490 1 |a Světová próza 
500 |a Přeloženo z němčiny 
520 2 |a Slavný román Franze Werfela, v češtině opakovaně vydávaný, přináší nezapomenutelný příběh plný emocí, který odhaluje nejen zázraky, ale i slabosti a sílu lidské duše.  |b Chudá dívka Bernadetta Soubirousová z malého francouzského městečka Lurdy se roku 1858 stává svědkem zjevení jakési krásné dámy, což navždy změní její život - i životy milionů věřících. Jak může prostá dívka obstát proti nedůvěře, posměchu a intrikám mocných? A jakou cenu musí zaplatit za pravdu, kterou jí bylo dáno spatřit? Nakladatelská anotace. Kráceno. 
600 0 7 |a Bernadeta,  |c svatá,  |d 1844-1879  |7 jn20000700160  |2 czenas 
600 0 9 |a Bernadette,  |c Saint,  |d 1844-1879  |2 eczenas 
648 4 |a 1858 
648 7 |a 19. století  |7 ch460557  |2 czenas 
650 0 7 |a křesťanské vizionářky  |7 ph122130  |z Francie  |y 19. století  |2 czenas 
650 0 7 |a křesťanské světice  |7 ph122127  |z Francie  |y 19. století  |2 czenas 
650 0 7 |a mariánská zjevení  |7 ph122642  |z Francie  |y 19. století  |2 czenas 
650 0 9 |a Christian women visionaries  |z France  |y 19th century  |2 eczenas 
650 0 9 |a Christian women saints  |z France  |y 19th century  |2 eczenas 
650 0 9 |a apparitions of Mary  |z France  |y 19th century  |2 eczenas 
651 7 |a Lurdy (Francie)  |7 ge157682  |2 czenas 
651 9 |a Lourdes (France)  |2 eczenas 
655 7 |a německy psané romány  |7 fd132937  |2 czenas 
655 7 |a biografické romány  |7 fd131905  |2 czenas 
655 9 |a fiction in German  |2 eczenas 
655 9 |a biographical novels  |2 eczenas 
700 1 |a Fučíková, Jitka,  |d 1903-1987  |7 jk01032120  |4 trl 
830 0 |a Světová próza (Vyšehrad) 
900 |a ABG001  |b 19 
928 9 |a Albatros Media - Vyšehrad 
044 |a xr 
910 |a RBIT002 
998 |d 418005  |a https://core.palmknihy.cz/api/books/418005/cover?stq4gf  |b https://core.palmknihy.cz/api/books/418005/cover/400?stq4gf  |c https://core.palmknihy.cz/api/books/418005/cover/50?stq4gf  |e 2050-12-31  |g 448  |i 9788026731245  |j https://core.palmknihy.cz/api/books/418005/preview.epub  |k https://core.palmknihy.cz/api/books/418005/preview.pdf  |l   |q 49  |r 1  |s https://www.palmknihy.cz/kniha/418005  |t ebook  |y 2025  |z 0 
999 |d 284710